[Event "It"]
[Site "masterchessopen.com Dallas (USA)"]
[Round "0"]
[White "Evans Larry M (USA)"]
[Black "Reshevsky Samuel H (USA)"]
[Result "0-1"]
[WhiteElo "2470"]
[BlackElo "2430"]

1.d4 Nf6 2.c4 e6 3.Nf3 b6 4.Nc3 Bb7 5.Bg5 Bb4 6.e3 h6 7.Bh4 g5 8.Bg3 Ne4 9.Qc2
Bxc3+ 10.bxc3 d6 11.Nd2 Nxg3 12.hxg3 Nd7 13.g4 Nf6 14.f3 Kf8 15.Bd3 Kg7 16.Kf2
Qe7 17.Rh3 d5 18.cxd5 Nxd5 19.Be4 c5 20.c4 cxd4 21.exd4 Qf6 22.Nb3 Rac8 23.Rc1
Rc7 24.Bxd5 Bxd5 25.Qd2 Bb7 26.Rhh1 Ba6 27.Rc2 Rhc8 28.Rhc1 Qf4 29.Rc3 Qd6
30.Qe2 Qf4 31.Qd3 Rd7 32.Qc2 Rdc7 33.c5 e5 34.g3 Qf6 35.d5 bxc5 36.Nxc5 Kg8
37.Ne4 Qb6+ 38.Kg2 Rxc3 39.Nxc3 Qd4 40.Qb2 Kg7 41.Rc2 Bd3 {#R} 0-1

[Event "Tournament (candidates)"]
[Site "masterchessopen.com Bled (Slovenia)"]
[Round "16"]
[White "Tal Mikhail N (LAT)"]
[Black "Gligoric Svetozar (SRB)"]
[Result "1-0"]
[WhiteElo "2520"]
[BlackElo "2447"]

1.d4 Nf6 2.c4 e6 3.Nf3 b6 4.Nc3 Bb7 5.Bg5 Bb4 6.e3 h6 7.Bh4 g5 8.Bg3 Ne4 9.Qc2
Bxc3+ 10.bxc3 d6 11.Bd3 Nxg3 12.hxg3 Nd7 13.a4 a5 14.Rb1 g4 15.Nh4 Nf6 16.d5
Qe7 17.O-O Nd7 18.dxe6 Qxe6 19.Bf5 { ! } 19...Qxc4 20.Rfd1 Nf6 21.Rd4 Qc6
22.Be6 { ! } 22...Rg8 23.Bc4 { ! } 23...Kf8 24.Bb5 Qc5 25.Rc4 Qe5 26.Rxc7 Be4
27.Bd3 d5 28.Rc6 Rb8 29.c4 Rg5 30.c5 d4 ( { ? } 30...bxc5 ) 31.exd4 Qxd4
32.Bxe4 Qxe4 33.cxb6 Qxc2 34.Rxc2 Nd7 35.b7 Nc5 36.Rb5 { ? } ( 36.f4 { ! }
36...gxf3 ( 36...Rd5 37.Rb5 Rd1+ 38.Kf2 Ne4+ 39.Ke2 Rdd8 40.Nf5 Re8 41.Re5 {
+?? } ) 37.Nxf3 Rd5 38.Rb5 { +?? } ) 36...Nxb7 37.Rcb2 Rxb5 38.Rxb5 Ke7
39.Nf5+ Kd7 40.Nxh6 Kc7 41.Nxf7 Rf8 42.Nh6 Rd8 43.Rg5 Rd1+ 44.Kh2 Ra1 45.Rxg4
Nc5 46.Rc4 Kc6 47.Nf5 Rxa4 48.Nd4+ Kb6 49.Rxa4 Nxa4 50.g4 Nc3 51.Kg3 a4 52.Kf4
a3 53.Nc2 a2 54.g5 Kc5 55.g6 Nd5+ 56.Kg5 Kc4 57.g7 Ne7 58.f4 Kc3 59.Na1 Kb2
60.f5 Kxa1 61.f6 Kb1 62.fxe7 a1=Q 63.e8=Q Qa5+ 64.Kh6 {#r} 1-0

[Event "Olympiad"]
[Site "masterchessopen.com Tel Aviv (Israel)"]
[Round "4"]
[White "Jakobsen Ole (DEN)"]
[Black "Stoeckl Ernst (AUT)"]
[Result "1-0"]
[WhiteElo "2334"]
[BlackElo "2174"]

1.d4 Nf6 2.Nf3 b6 3.c4 Bb7 4.Nc3 e6 5.Bg5 Bb4 6.Qc2 h6 7.Bh4 g5 8.Bg3 Ne4 9.e3
Bxc3+ 10.bxc3 d6 11.Bd3 Nxg3 12.fxg3 g4 13.Nh4 Qg5 14.O-O Nd7 15.Kh1 Rf8 16.e4
O-O-O 17.a4 a5 18.Rab1 Bc6 19.Qe2 Rde8 20.Qc2 Kd8 21.Rf2 Qg7 22.Rbf1 Ba8
23.Qb1 c5 24.e5 dxe5 25.dxc5 bxc5 26.Be4 Ke7 27.Bg6 f5 28.Bxe8 Kxe8 29.Qb5 Be4
30.Rd2 Rf7 31.Rfd1 f4 32.Rxd7 {#r} 1-0

[Event "Olympiad"]
[Site "masterchessopen.com Tel Aviv (Israel)"]
[Round "11"]
[White "Schweber Samuel (ARG)"]
[Black "Keres Paul (EST)"]
[Result "0-1"]
[WhiteElo "2348"]
[BlackElo "2580"]

1.d4 Nf6 2.c4 e6 3.Nf3 b6 4.Nc3 Bb7 5.Bg5 h6 6.Bh4 Bb4 7.e3 c5 8.Bd3 cxd4
9.exd4 Bxf3 10.Qxf3 Nc6 11.Qe3 Be7 12.Bg3 d5 13.O-O Nb4 14.cxd5 Nxd3 15.Qxd3
Nxd5 16.Qb5+ Qd7 17.Nxd5 exd5 18.a4 Qxb5 19.axb5 Kd7 20.Rfc1 Rhc8 21.Rxc8 Kxc8
22.Re1 Kd7 23.Re5 f6 24.Rxd5+ Ke6 25.Rh5 Rd8 26.Kf1 Rxd4 27.Bb8 Rd1+ 28.Ke2
Rb1 29.Bxa7 Rxb2+ 30.Kf3 Bc5 31.Rxc5 bxc5 32.Bxc5 Rxb5 33.Be3 f5 34.h4 Rb3
35.h5 Kf6 36.g3 Rxe3+ 37.Kxe3 Kg5 38.Kf3 Kxh5 39.Kf4 Kg6 40.Ke5 Kg5 41.Ke6 Kg4
{#R} 0-1

[Event "Ch Czechoslovakia"]
[Site "masterchessopen.com Pardubice (Czech Republic)"]
[Round "17"]
[White "Alster Ladislav (CZE)"]
[Black "Janata Michael (CSR)"]
[Result "1-0"]
[WhiteElo "2250"]
[BlackElo "2400"]

1.d4 Nf6 2.c4 e6 3.Nf3 b6 4.Nc3 Bb7 5.Bg5 Bb4 6.e3 h6 7.Bh4 g5 8.Bg3 Ne4 9.Qc2
d6 10.Bd3 Bxc3+ 11.bxc3 f5 12.d5 exd5 13.cxd5 Bxd5 14.Nd4 Qf6 15.f3 Nc5
16.Bxf5 Nc6 17.Bg6+ Kf8 18.O-O Ne7 19.Be4 Kg7 20.Rad1 Raf8 21.c4 Bxe4 22.fxe4
Qg6 23.Nf5+ Nxf5 24.exf5 Qe8 25.e4 Qxe4 26.Qc3+ Kf7 27.Rfe1 Qc6 28.Bf2 Re8
29.Qh3 h5 30.Bd4 Rh7 31.Qg3 Ne4 32.Qf3 g4 33.Qf4 Kf8 34.f6 Kf7 35.Re3 Nc5
36.Qf5 Rhh8 37.Re7+ Kf8 38.Qg6 {#r} 1-0

[Event "It"]
[Site "masterchessopen.com Zagreb (Croatia)"]
[Round "10"]
[White "Uhlmann Wolfgang (GER)"]
[Black "Golombek Harry (ENG)"]
[Result "1-0"]
[WhiteElo "2379"]
[BlackElo "2320"]

1.d4 Nf6 2.c4 e6 3.Nf3 b6 4.Nc3 Bb7 5.Bg5 h6 6.Bh4 Bb4 7.Qc2 g5 8.Bg3 Ne4
9.Be5 f6 10.Bg3 Bxc3+ 11.bxc3 d6 12.e3 Nd7 13.d5 exd5 14.cxd5 Bxd5 15.O-O-O
Bb7 16.Ba6 Qc8 17.Nd4 f5 18.Nxf5 Ndf6 19.Bxb7 Qxb7 20.f3 Nxg3 21.hxg3 O-O-O
22.Rxh6 Rxh6 23.Nxh6 Qa6 24.Nf5 Re8 25.e4 Re5 26.Kb1 Rc5 27.Nd4 Nd7 28.Nb3 Rb5
29.Ka1 Ne5 30.Qe2 c5 31.f4 c4 32.Nd4 Nd3 33.Qg4+ Kc7 34.Rh1 Nc5 35.Rh7+ {#r}
1-0

[Event "It"]
[Site "masterchessopen.com Zinnowitz (Germany)"]
[Round "4"]
[White "Uhlmann Wolfgang (GER)"]
[Black "Spassov Liuben (BUL)"]
[Result "0-1"]
[WhiteElo "2379"]
[BlackElo "2367"]

1.d4 Nf6 2.c4 e6 3.Nf3 b6 4.Nc3 Bb7 5.Bg5 h6 6.Bh4 Bb4 7.Qc2 g5 8.Bg3 Ne4 9.e3
Bxc3+ 10.bxc3 Nxg3 11.hxg3 g4 12.Ne5 Qg5 13.Rh4 f5 14.a4 Nc6 15.Nd3 Ne7 16.a5
Ng6 17.Rh2 h5 18.c5 h4 19.axb6 axb6 20.Rxa8+ Bxa8 21.cxb6 cxb6 22.Qa2 Be4
23.Nf4 Nxf4 24.exf4 Qd8 25.Qa7 Qc8 26.Kd2 h3 27.f3 gxf3 28.Rxh3 Rxh3 29.gxh3
Qc6 30.Qa3 e5 31.dxe5 Qd5+ 32.Ke1 Bd3 33.Bxd3 Qxd3 34.Qa8+ Ke7 35.Qa3+ Ke8
36.Qa8+ Ke7 37.Qa3+ Ke8 38.Qb2 Qe3+ 39.Kf1 b5 40.Qxb5 Qd2 41.Qb8+ Kf7 {#R} 0-1

[Event "It (open)"]
[Site "masterchessopen.com Ybbs (Austria)"]
[Round "7"]
[White "Sigurjonsson Gudmundur (ISL)"]
[Black "Spassov Liuben (BUL)"]
[Result "1-0"]
[WhiteElo "2463"]
[BlackElo "2367"]

1.d4 Nf6 2.c4 e6 3.Nf3 b6 4.Nc3 Bb7 5.Bg5 h6 6.Bh4 Bb4 7.e3 c5 8.Be2 cxd4
9.Qxd4 Nc6 10.Qd3 a6 11.Rd1 Be7 12.O-O Rc8 13.Rd2 Na5 14.b3 O-O 15.Rfd1 d6
16.Bxf6 gxf6 17.Qd4 f5 18.Qf4 Kh7 19.e4 Rg8 20.exf5 e5 21.Qe3 f6 22.Ne4 Bxe4
23.Qxe4 Qd7 24.Nxe5 Qb7 25.Qxb7 Nxb7 26.Ng6 Rg7 27.Bf3 Nc5 28.Nxe7 Rxe7
29.Rxd6 Rce8 30.g3 {#r} 1-0

[Event "Olympiad"]
[Site "masterchessopen.com Siegen (Germany)"]
[Round "17"]
[White "Cobo Arteaga Eldis (CUB)"]
[Black "Johansson Gunnar (SWE)"]
[Result "1-0"]
[WhiteElo "2345"]
[BlackElo "2232"]

1.d4 Nf6 2.c4 e6 3.Nf3 b6 4.Nc3 Bb7 5.Bg5 Bb4 6.e3 h6 7.Bh4 g5 8.Bg3 Ne4 9.Qc2
Bxc3+ 10.bxc3 d6 11.Bd3 Nxg3 12.hxg3 Nd7 13.a4 a5 14.Rb1 Qe7 15.Be4 O-O-O
16.Bxb7+ Kxb7 17.Nd2 f5 18.Ke2 Rdf8 19.c5 dxc5 20.Nc4 Ka7 21.Qb3 cxd4 22.cxd4
c5 23.Nxb6 {#r} 1-0

[Event "It"]
[Site "masterchessopen.com Decin (Czech Republic)"]
[Round "0"]
[White "Alster Ladislav (CZE)"]
[Black "Kovacs Laszlo M (HUN)"]
[Result "1-0"]
[WhiteElo "2250"]
[BlackElo "2339"]

1.d4 Nf6 2.c4 e6 3.Nf3 b6 4.Nc3 Bb7 5.Bg5 h6 6.Bh4 Bb4 7.e3 g5 8.Bg3 Ne4 9.Qc2
f5 10.Bd3 a5 11.O-O Bxc3 12.bxc3 d6 13.d5 Nd7 14.Nd4 Ndc5 15.f3 Nxg3 16.hxg3
Qf6 17.dxe6 Nxd3 18.Qxd3 O-O 19.g4 fxg4 20.fxg4 Qe5 21.Qg6+ Qg7 22.Qh5 Be4
23.Nf5 Bxf5 24.gxf5 Qf6 25.e4 Rae8 26.Rf3 Re7 27.Rh3 Kh7 28.Qd1 Rg7 29.g4 Qe5
30.Qd3 Re7 31.Rf1 Qf6 32.Rf2 Rxe6 33.Rfh2 Re5 34.Rxh6+ Qxh6 35.Rxh6+ Kxh6
36.Qh3+ Kg7 37.Qh5 Rg8 38.Qxg5+ Kf7 39.Qh5+ Kf8 40.Qh6+ Kf7 41.g5 Rxe4 42.g6+
Kf6 43.g7+ Kxf5 44.Qh7+ Kf6 45.Qxg8 Rg4+ 46.Kf2 Rxg7 47.Qh8 Kg6 48.Qd8 a4
49.Ke3 Rf7 50.Kd3 Rf3+ 51.Kc2 Rf2+ 52.Kb1 a3 53.Qxc7 Rb2+ 54.Kc1 Rxa2 55.Qxd6+
Kf5 56.Qxb6 Ra1+ 57.Kc2 Ke4 58.Qe6+ {#r} 1-0

[Event "It"]
[Site "masterchessopen.com Sofia (Bulgaria)"]
[Round "2"]
[White "Babev Aleksandar (BUL)"]
[Black "Mechkarov Ventzeslav (BUL)"]
[Result "0-1"]
[WhiteElo "2315"]
[BlackElo "2275"]

1.Nf3 Nf6 2.c4 e6 3.d4 b6 4.Nc3 Bb7 5.Bg5 Bb4 6.e3 h6 7.Bh4 g5 8.Bg3 Ne4 9.Qc2
Bxc3+ 10.bxc3 d6 11.Bd3 f5 12.O-O Nd7 13.Nd2 Nxd2 14.Qxd2 O-O 15.f3 Qf6
16.Rae1 e5 17.Qc2 Bc6 18.Bf2 Rae8 19.Qb3 e4 20.Be2 Kh8 21.Qc2 Qg6 22.d5 Bb7
23.Qd1 Qg7 24.Qd4 Nc5 25.Kh1 Bc8 26.Rg1 Bd7 27.Ref1 Ba4 28.Rc1 Re7 29.f4 g4
30.Bh4 Ree8 31.Rgf1 Kh7 32.Kg1 Qg6 33.Kh1 Nd3 34.Ra1 Bc2 35.a4 a5 36.Ra2 Bb3
37.Ra3 Nc5 38.Bd1 Bxd1 39.Rxd1 Qh5 40.Bg3 Qf7 41.Bh4 Qd7 42.Rda1 Nd3 43.Rb1
Rf7 44.Kg1 Rg8 45.Kf1 Qe8 46.Kg1 Rff8 47.Kf1 g3 48.hxg3 Qh5 49.Kg1 Qe2 50.Raa1
Rg4 51.Kh2 Rxh4+ 52.gxh4 Rg8 53.Rg1 Qf2 {#R} 0-1

[Event "It \"]
[Site "masterchessopen.com Wijk aan Zee (Netherlands)"]
[Round "9"]
[White "Davies Nigel R (ENG)"]
[Black "Van Der Sterren Paul (NED)"]
[Result "0-1"]
[WhiteElo "2410"]
[BlackElo "2465"]

1.d4 Nf6 2.Nf3 e6 3.c4 b6 4.Nc3 Bb7 5.Bg5 h6 6.Bh4 Bb4 7.Qb3 Bxc3+ 8.Qxc3 g5
9.Bg3 Ne4 10.Qc2 h5 11.e3 d6 12.Bd3 f5 13.h4 g4 14.Ng5 Nxg5 15.hxg5 Bxg2
16.Rh2 Bf3 17.Bh4 O-O 18.Kd2 Nc6 19.Qc3 Qe8 20.Rg1 Qg6 21.Bc2 Rae8 22.Kc1 e5
23.d5 Nd8 24.Bd1 Bxd1 25.Rxd1 f4 26.Rhh1 Nf7 {#R} 0-1

[Event "It (cat.8)"]
[Site "masterchessopen.com Naleczow (Poland)"]
[Round "0"]
[White "Stempin Pawel (POL)"]
[Black "Sokolov Andrei (FRA)"]
[Result "0-1"]
[WhiteElo "2415"]
[BlackElo "2505"]

1.d4 Nf6 2.c4 e6 3.Nf3 b6 4.Nc3 Bb7 5.Bg5 h6 6.Bh4 Bb4 7.Qc2 g5 8.Bg3 Ne4 9.e3
Bxc3+ 10.bxc3 d6 11.Bd3 Nxg3 12.fxg3 g4 13.Nh4 Qg5 14.Qe2 Nd7 15.O-O h5 16.Rf2
Rh6 17.Raf1 Rf6 18.Rf4 O-O-O 19.Qf2 Rxf4 20.gxf4 Qa5 21.Qc2 Kb8 22.e4 Nf6
23.e5 Nd7 24.Rb1 dxe5 25.fxe5 c5 26.Rb5 Qa3 27.Rb3 Qa5 28.Rb5 Qa6 29.Qf2 cxd4
30.cxd4 Nc5 31.Bf1 Ne4 32.Qxf7 Qxa2 33.Qf4 Qa1 34.Qe3 Rf8 35.Qd3 Nd2 {#R} 0-1

[Event "It (young masters)"]
[Site "masterchessopen.com Oakham (England)"]
[Round "9"]
[White "Manoj Kumar Paramesweran (IND)"]
[Black "Dawson Craig R (ENG)"]
[Result "0-1"]
[WhiteElo "2260"]
[BlackElo "2250"]

1.d4 Nf6 2.Nf3 e6 3.c4 b6 4.Nc3 Bb7 5.Bg5 h6 6.Bh4 Bb4 7.a3 Bxc3+ 8.bxc3 g5
9.Bg3 Ne4 10.d5 Nxg3 11.hxg3 Qf6 12.Rc1 Na6 13.e3 Nc5 14.Qd4 Ke7 15.Be2 d6
16.Nd2 e5 17.Qg4 Bc8 18.Qh5 Bf5 19.f3 Bg6 20.Qh2 Qg7 21.e4 f5 22.exf5 Bxf5
23.O-O Raf8 24.Rf2 h5 25.f4 Bg4 26.Re1 Kd8 27.fxg5 Rxf2 28.Kxf2 e4 {#R} 0-1

[Event "Ch Czechoslovakia"]
[Site "masterchessopen.com Prague (Czech Republic)"]
[Round "0"]
[White "Trapl Jindrich (CZE)"]
[Black "Nun Jiri (CZE)"]
[Result "0-1"]
[WhiteElo "2340"]
[BlackElo "2405"]

1.Nf3 Nf6 2.c4 e6 3.Nc3 b6 4.d4 Bb7 5.Bg5 h6 6.Bh4 Bb4 7.e3 g5 8.Bg3 Ne4 9.Qc2
Bxc3+ 10.bxc3 d6 11.Bd3 Nxg3 12.fxg3 g4 13.Nh4 Qg5 14.O-O Nd7 15.Rae1 Rf8
16.Qa4 Qa5 17.Qc2 O-O-O 18.Rf4 h5 19.Ref1 Qg5 20.Qe2 Qg7 21.Qf2 f5 22.Qe2 Rfe8
23.e4 fxe4 24.Bxe4 e5 25.Rf7 Qg5 26.Bf5 Qg8 27.Rxd7 Rxd7 28.Qd3 Ba6 29.Qe4 Kd8
30.Qc6 Bc8 31.Bxd7 Bxd7 32.Qa8+ Bc8 33.Qc6 exd4 34.cxd4 Qg5 35.c5 bxc5 36.dxc5
Qxc5+ 37.Qxc5 dxc5 38.Rd1+ Bd7 39.Kf2 Kc8 40.Ng6 c4 41.Nf4 Re5 42.Rc1 Bb5
43.Rc3 Kb7 44.Re3 Rxe3 45.Kxe3 Be8 46.Nd5 Kc6 47.Kd4 Bf7 48.Nf6 Kd6 49.Ne4+
Ke6 50.Nc3 Kd7 51.h3 Be6 52.hxg4 hxg4 53.Ke5 c6 54.a3 Bd5 55.Nd1 Bxg2 56.Nc3
Kc7 57.Na4 Bd5 58.Nc3 Bf3 59.Na4 c3 60.Nxc3 Kb6 61.Kd4 c5+ 62.Ke5 Kc6 63.Ke6
Bg2 64.Ke5 a6 65.Ke6 Bf1 66.Ke5 Bd3 67.Ke6 Bc2 68.Ke5 a5 69.Ke6 c4 70.Ke5 Kc5
71.Ne2 c3 72.Nxc3 Kc4 73.Nd5 Kb3 74.Ne3 Bg6 75.Nxg4 Kxa3 76.Kd4 Kb3 77.Ne3 a4
78.Nd5 a3 79.Nc3 Bf5 80.Ne2 Be6 81.Nc1+ Kc2 82.Nd3 Bg4 83.Nb4+ Kb3 84.Nd3 Be2
85.Nc1+ Kb2 {#R} 0-1

[Event "It"]
[Site "masterchessopen.com Porabka (Poland)"]
[Round "7"]
[White "Thesing Matthias (GER)"]
[Black "Gizynski Tomasz (POL)"]
[Result "0-1"]
[WhiteElo "2404"]
[BlackElo "2331"]

1.d4 e6 2.c4 Nf6 3.Nf3 b6 4.Nc3 Bb7 5.Bg5 h6 6.Bh4 Bb4 7.e3 g5 8.Bg3 Ne4 9.Qc2
Bxc3+ 10.bxc3 Nxg3 11.fxg3 Qe7 12.Bd3 Nc6 13.O-O O-O-O 14.c5 g4 15.Nh4 Qg5
16.Qe2 Rhf8 17.Rf4 h5 18.Raf1 f5 19.cxb6 axb6 20.e4 Ne7 21.R4f2 Rfe8 22.exf5
Nxf5 23.Bxf5 exf5 24.Qc4 Be4 25.Nxf5 Kb7 26.Qb5 d5 27.Kh1 c6 28.Qb4 Bxf5 29.h4
gxh3 30.Rxf5 Qxg3 31.Rf7+ Kc8 32.Qb2 Qxg2+ 33.Qxg2 hxg2+ 34.Kxg2 Re2+ 35.R1f2
Rde8 36.Kf1 R2e3 37.Rh7 R8e7 38.Rh6 Rxc3 39.Rff6 Kb7 40.Rxh5 Rc2 41.Rhh6 {#R}
0-1

[Event "Bundesliga 1987/88"]
[Site "masterchessopen.com Germany"]
[Round "0"]
[White "Essing Arnold (GER)"]
[Black "Kemna Guido (GER)"]
[Result "0-1"]
[WhiteElo "2258"]
[BlackElo "2235"]

1.d4 Nf6 2.Nf3 e6 3.c4 b6 4.Nc3 Bb7 5.Bg5 Bb4 6.e3 h6 7.Bh4 g5 8.Bg3 Ne4 9.Qc2
Bxc3+ 10.bxc3 d6 11.Bd3 f5 12.O-O Nd7 13.a4 Ndf6 14.a5 h5 15.h4 Rg8 16.Nxg5
Nxg5 17.hxg5 Rxg5 18.d5 Qe7 19.a6 Bc8 20.Qe2 e5 21.Bh4 Rg4 22.Bxf6 Qxf6 23.f3
Rg6 24.f4 e4 25.Bc2 Bd7 26.Qd2 O-O-O 27.Rf2 Rdg8 28.Bd1 Rg3 29.Ra2 Qh4 {#R}
0-1

[Event "Olympiad (w)"]
[Site "masterchessopen.com Salonika (Greece)"]
[Round "0"]
[White "Vilas Boas Luz (POR)"]
[Black "Glaz Lena (ISR)"]
[Result "0-1"]
[WhiteElo "2005"]
[BlackElo "2200"]

1.d4 Nf6 2.Nf3 e6 3.c4 b6 4.Nc3 Bb7 5.Bg5 h6 6.Bh4 Bb4 7.Rc1 c5 8.e3 d6 9.h3
Nbd7 10.Be2 g5 11.Bg3 Ne4 12.Bh2 h5 13.h4 g4 14.Ng5 Nxg5 15.hxg5 cxd4 16.exd4
Qxg5 17.a3 Bxc3+ 18.Rxc3 e5 19.d5 Nf6 20.Qd3 Bc8 21.Qe3 Qxe3 22.Rxe3 Bd7
23.Bg3 Ng8 24.f3 Rh6 25.f4 f6 26.Bd3 Ne7 27.Kd2 Bf5 28.fxe5 fxe5 29.Be2 Kd7
30.Bh4 Rg8 31.g3 Bh7 32.Bd1 Nf5 33.Ba4+ Kc7 34.Re2 Nd4 35.Rf2 Nf3+ 36.Ke3 Bg6
37.Bd1 e4 38.b4 Re8 39.Ba4 Rc8 40.Bc2 Rhh8 {#R} 0-1

[Event "It (open)"]
[Site "masterchessopen.com Stockholm (Sweden)"]
[Round "0"]
[White "Collett Peter (SWE)"]
[Black "Brynell Stellan (SWE)"]
[Result "0-1"]
[WhiteElo "2206"]
[BlackElo "2491"]

1.d4 e6 2.Nf3 Nf6 3.c4 b6 4.Nc3 Bb7 5.Bg5 h6 6.Bh4 Bb4 7.e3 Bxc3+ 8.bxc3 d6
9.Nd2 g5 10.Bg3 Nbd7 11.f3 Qe7 12.Be2 O-O-O 13.Qa4 Kb8 14.O-O e5 15.Bf2 h5
16.c5 dxc5 17.Ba6 cxd4 18.cxd4 exd4 19.exd4 Nd5 20.Bxb7 Kxb7 21.Rfc1 Rh6
22.Qc4 Nb8 23.Nb3 Rc6 24.Qb5 Rxc1+ 25.Rxc1 a6 26.Qc4 f5 27.Be1 g4 28.fxg4 hxg4
29.a4 Ne3 30.Qc3 Rd6 31.Bd2 Nd5 32.Qd3 Qd7 33.a5 Re6 34.Rf1 Re4 35.Rb1 Ka7
36.axb6+ cxb6 37.Ra1 Qe6 38.Qc4 Re2 39.Qd3 Qe4 40.Qxe4 Rxe4 41.Re1 Rxe1+
42.Bxe1 Nc6 43.h4 gxh3 44.gxh3 a5 45.Bf2 a4 46.Na1 b5 47.h4 b4 48.Nc2 a3
49.Be1 a2 50.Na1 Na5 51.Bxb4 Nxb4 52.h5 Nac6 53.Kh2 Nd5 54.Kg3 Nd8 55.h6 Nf7
56.h7 Kb6 {#R} 0-1

[Event "It"]
[Site "masterchessopen.com Anapa (Russia)"]
[Round "0"]
[White "Chatalbashev Boris (BUL)"]
[Black "Tunik Gennady (RUS)"]
[Result "0-1"]
[WhiteElo "2566"]
[BlackElo "2412"]

1.d4 Nf6 2.c4 e6 3.Nf3 b6 4.Nc3 Bb7 5.Bg5 h6 6.Bh4 Bb4 7.Qb3 a5 8.e3 d6 9.Be2
g5 10.Bg3 Ne4 11.O-O-O Bxc3 12.bxc3 h5 13.h4 g4 14.Ng5 a4 15.Qb2 Nxg5 16.hxg5
Bxg2 17.Rh2 Be4 18.Bxg4 Qxg5 19.Qb5+ Qxb5 20.cxb5 Bd5 21.Bxh5 Nd7 22.Rd2 Nf6
23.Bd1 Rxh2 24.Bxh2 Kd7 25.f3 Bc4 26.Be2 Bxe2 27.Rxe2 Rh8 28.Kd2 Rh3 29.Rf2
Nd5 30.c4 Ne7 31.Bf4 Ng6 32.Bg5 f5 33.Rg2 f4 34.Bf6 fxe3+ 35.Kxe3 Nh4 36.Rg7+
Kc8 37.Rg8+ Kb7 38.Bxh4 Rxh4 39.Rg2 Rh1 40.Re2 Kc8 41.Rg2 Rb1 42.Kd3 a3
43.Rg8+ Kb7 44.Rg2 d5 45.Kc3 dxc4 46.Kxc4 Rb2 47.Rg6 Rxa2 48.Kb3 Rd2 49.Kxa3
Rd3+ 50.Ka2 Rxd4 51.Kb3 e5 52.Re6 Rd5 53.Kc4 Rc5+ 54.Kb4 Kc8 55.Re7 Kd8 56.Rh7
Rc1 57.Rh5 Re1 58.Kc4 Ke7 59.Kd5 Kf6 60.Rh6+ Kf5 61.Rh7 Rd1+ 62.Kc6 Rc1+
63.Kb7 Rc5 64.Rxc7 Rxb5 65.Kc6 Rb4 66.Rf7+ Ke6 67.Rb7 Rb3 68.Rxb6 Rxf3 69.Kc5+
Kf5 70.Kc4 e4 71.Rb8 Rd3 72.Re8 Kf4 73.Rf8+ Ke3 74.Re8 Rd7 75.Kc3 Kf3 76.Rf8+
Ke2 77.Re8 e3 78.Re6 Kf2 79.Rf6+ Ke1 {#R} 0-1

[Event "Ch Norway"]
[Site "masterchessopen.com Gjovik (Norway)"]
[Round "0"]
[White "Gausel Einar (NOR)"]
[Black "Svedenborg Paul (NOR)"]
[Result "1-0"]
[WhiteElo "2425"]
[BlackElo "2252"]

1.d4 Nf6 2.Nf3 e6 3.c4 b6 4.Nc3 Bb7 5.Bg5 h6 6.Bh4 Bb4 7.e3 g5 8.Bg3 Ne4 9.Nd2
Bxc3 10.bxc3 Nxg3 11.hxg3 c5 12.a4 Nc6 13.Bd3 Qe7 14.g4 O-O-O 15.a5 Nxa5
16.Nb3 Nc6 17.d5 exd5 18.cxd5 Ne5 19.Be4 Kb8 20.d6 Qe6 21.Nxc5 bxc5 22.Qa4 Nc6
23.Bxc6 dxc6 24.Qxa7+ Kc8 25.Rb1 Kd7 26.Rxb7+ Kxd6 27.O-O Rhf8 28.Rd1+ Ke5
29.Rxd8 Rxd8 30.Re7 {#r} 1-0

[Event "It (b)"]
[Site "masterchessopen.com Hamburg (Germany)"]
[Round "7"]
[White "Chuchelov Vladimir (BEL)"]
[Black "Doery Jeno (HUN)"]
[Result "1-0"]
[WhiteElo "2538"]
[BlackElo "2276"]

1.d4 Nf6 2.Nf3 e6 3.c4 b6 4.Nc3 Bb7 5.Bg5 Bb4 6.e3 h6 7.Bh4 g5 8.Bg3 Ne4 9.Qc2
Bxc3+ 10.bxc3 Nxg3 11.fxg3 d6 12.Bd3 Nd7 13.O-O Qe7 14.Qa4 O-O 15.Qc2 Kg7
16.g4 c5 17.Nd2 Rac8 18.Rf2 cxd4 19.exd4 d5 20.cxd5 Bxd5 21.Raf1 Rc7 22.Qb2 f6
23.c4 Bb7 24.Re1 Qd6 25.Nf1 Kh8 26.Ng3 Rf7 27.Nh5 Kg8 28.Ref1 e5 29.d5 Ba6
30.Qe2 Qc5 31.Qe4 f5 32.gxf5 Bxc4 33.f6 Bxd3 34.Qxd3 Nf8 35.Qe4 Qd4 36.Qf5
Qxd5 37.h4 Qd7 38.hxg5 Qxf5 39.Rxf5 Ng6 40.gxh6 Kh7 41.Ng3 Rc4 42.Re1 Rg4
43.Ne4 Kxh6 44.g3 Nh4 45.Rff1 Rg8 46.Rf2 {#r} 1-0

[Event "Olympiad"]
[Site "masterchessopen.com Manila (Philippines)"]
[Round "0"]
[White "Voiska Margarita (BUL)"]
[Black "Lematschko Tatjana (SUI)"]
[Result "0-1"]
[WhiteElo "2336"]
[BlackElo "2185"]

1.d4 Nf6 2.c4 e6 3.Nf3 b6 4.Nc3 Bb7 5.Bg5 Bb4 6.e3 h6 7.Bh4 g5 8.Bg3 Ne4 9.Qc2
f5 10.Bd3 Bxc3+ 11.bxc3 d6 12.O-O-O Nd7 13.h4 g4 14.Nd2 Ndf6 15.Nf1 Nxg3
16.Nxg3 Bxg2 17.Rhg1 Bf3 18.Rde1 Qe7 19.d5 O-O-O 20.dxe6 Kb8 21.Nxf5 Qxe6
22.Nd4 Qe5 23.e4 Qc5 24.Qa4 a5 25.Ne6 Qe5 26.Nd4 Qf4+ 27.Re3 Nd7 28.Nc6+ Kb7
29.Qb5 Nc5 30.Bc2 Ra8 31.Ne7 Qf7 32.Qc6+ Kb8 33.Nf5 Qxc4 34.Nd4 Ra6 35.Kb1 b5
36.Qd5 Qxd5 37.exd5 h5 38.Nxb5 Bxd5 39.Ka1 Rb6 40.Nd4 Rf8 41.f3 gxf3 42.Rf1
Rf4 43.Nxf3 Nd7 44.Re8+ Kb7 45.Nd2 Rxh4 46.c4 Bc6 47.Nb3 Ra6 48.Bd3 Ne5
49.Rxe5 dxe5 50.Nc5+ Kb6 51.Nxa6 Kxa6 52.c5+ Kb7 53.Rf6 Rh3 54.Ba6+ Kxa6
55.Rxc6+ Kb7 56.Re6 Re3 57.Rh6 Rc3 58.Rxh5 Rxc5 59.Kb2 Rc6 60.Rh8 Rd6 {#R} 0-1

[Event "It (open)"]
[Site "masterchessopen.com Norresundby (Denmark)"]
[Round "0"]
[White "Noe John (DEN)"]
[Black "Pedersen Jan (DEN)"]
[Result "0-1"]
[WhiteElo "2067"]
[BlackElo "2011"]

1.c4 b6 2.Nc3 Bb7 3.Nf3 Nf6 4.d4 e6 5.Bg5 Bb4 6.e3 h6 7.Bh4 g5 8.Bg3 Ne4 9.Qc2
f5 10.d5 Bxc3+ 11.bxc3 d6 12.Nd4 exd5 13.f3 Nxg3 14.hxg3 Qf6 15.Bd3 dxc4
16.Bxf5 Ke7 17.g4 Na6 18.Qa4 Nc5 19.Qxc4 d5 20.Qb4 a5 21.Qa3 Qd6 22.Kf1 Ba6+
23.Kg1 Kf7 24.Re1 Rae8 25.Qc1 Nd3 26.Bxd3 Bxd3 27.Qd2 Bg6 28.Rd1 Qe5 29.Kf2
Qd6 30.Nb5 Qc5 31.Qxd5+ Qxd5 32.Rxd5 Re7 33.Nd4 Rhe8 34.Nf5 Bxf5 35.Rxf5+ Kg7
36.Re1 Rd7 37.Ke2 Red8 38.Kf2 Rd3 39.c4 Rc3 40.Rd5 Rxd5 41.cxd5 Kf6 42.e4 Ke5
43.Re2 a4 44.Rd2 a3 45.Ke2 b5 46.Kd1 b4 47.Ke2 Rc1 48.Ke3 Rb1 49.g3 Rb2 50.f4+
Kd6 51.Kd3 Rxd2+ 52.Kxd2 b3 {#R} 0-1

[Event "Ch RLPF (juniors) (under 15)"]
[Site "masterchessopen.com Worms (Germany)"]
[Round "0"]
[White "Karst Elmar (GER)"]
[Black "Kipper Jens (GER)"]
[Result "0-1"]
[WhiteElo "2292"]
[BlackElo "2382"]

1.d4 Nf6 2.c4 e6 3.Nf3 b6 4.Nc3 Bb7 5.Bg5 h6 6.Bh4 Bb4 7.e3 c5 8.Bd3 cxd4
9.exd4 O-O 10.O-O Be7 11.Bc2 d6 12.Qd3 Nbd7 13.Nd2 Re8 14.Rfe1 Qc7 15.Re3 Nf8
16.Bxf6 Bxf6 17.Nb5 Qb8 18.Ne4 Be7 19.Nd2 a6 20.Nc3 Qc7 21.Rg3 Rac8 22.Qe3 Kh8
23.Rh3 Red8 24.Re1 Kg8 25.Qg3 Kh8 26.Qf4 Kg8 27.Qg4 Kh8 28.Rg3 Bf6 29.d5 exd5
30.cxd5 g6 31.Bb3 Nd7 32.Qf3 Kg8 33.Nde4 Bg7 34.Rc1 Ne5 35.Qe3 b5 36.Ne2 Qe7
37.Rxc8 Rxc8 38.h3 Nc4 39.Bxc4 Rxc4 40.b3 Rxe4 {#R} 0-1

[Event "It (open) \"]
[Site "masterchessopen.com Nethanya (Israel)"]
[Round "3"]
[White "Helving Yuval (ISR)"]
[Black "Shachar Ehud (ISR)"]
[Result "0-1"]
[WhiteElo "2126"]
[BlackElo "2355"]

1.d4 e6 2.c4 Nf6 3.Nf3 b6 4.Nc3 Bb7 5.Bg5 h6 6.Bh4 Bb4 7.e3 g5 8.Bg3 Ne4 9.Qc2
Bxc3+ 10.bxc3 d6 11.d5 exd5 12.O-O-O Qf6 13.Nd4 dxc4 14.Bxc4 a6 15.h4 Nd7
16.Rhf1 Ndc5 17.Bh2 b5 18.Bb3 gxh4 19.Bf4 Ne6 20.Bh2 Rg8 21.Nxe6 fxe6 22.Rd4
d5 23.Bxc7 Rc8 24.Ba5 Rxg2 25.Rxe4 dxe4 26.Qd1 Qe5 27.Rh1 Rxf2 28.Rg1 Rxc3+
29.Kb1 Rc8 30.Bd2 Bd5 31.Qg4 Rxd2 32.Qg8+ Kd7 33.Qf7+ Kd6 {#R} 0-1

[Event "It (open) \"]
[Site "masterchessopen.com Buenos Aires (Argentina)"]
[Round "7"]
[White "Casafus Ruben (ARG)"]
[Black "German Pablo (ARG)"]
[Result "0-1"]
[WhiteElo "2400"]
[BlackElo "2425"]

1.Nf3 Nf6 2.c4 b6 3.Nc3 Bb7 4.d4 e6 5.Bg5 h6 6.Bh4 Bb4 7.e3 Bxc3+ 8.bxc3 d6
9.Nd2 Nbd7 10.f3 Qe7 11.Bd3 e5 12.e4 O-O-O 13.a4 a5 14.O-O g5 15.Bf2 h5 16.Re1
Rdg8 17.Nf1 g4 18.Bh4 gxf3 19.Qxf3 Rg4 20.Ne3 Rf4 21.Qh3 Qe6 22.Qxe6 fxe6
23.Bg5 Nxe4 24.Bxf4 exf4 25.Nd1 Ndf6 26.Nf2 Nxf2 27.Kxf2 Ng4+ 28.Kg1 Ne3
29.Ra2 Rg8 30.Bf1 Be4 31.Rf2 e5 32.dxe5 dxe5 33.Rxe3 fxe3 34.Re2 Bc6 35.Rxe3
Bxa4 36.Rxe5 Bb3 37.c5 a4 38.cxb6 {#R} 0-1